[Event "North Bay int."]
[Site "North Bay CAN"]
[Date "1999.08.05"]
[Round "3"]
[White "Ottosen, David"]
[Black "Mark, Eddie"]
[Result "1-0"]
[WhiteElo "2139"]
[BlackElo "2410"]
[PlyCount "113"]
[GameId "2160767911742562"]
[EventDate "1999.08.04"]
[EventType "swiss"]
[EventRounds "9"]
[EventCountry "CAN"]

1. e4 e5 2. Nf3 d6 3. d4 Nf6 4. Nc3 Nbd7 5. Bc4 Be7 6. O-O O-O 7. h3 c6 8. a4 b6 9. Qe2 a6 10. Be3 Bb7 11. Rfd1 b5 12. dxe5 dxe5 13. Bb3 Qc7 14. a5 Nc5 15. Nd2 Rad8 16. f3 Nh5 17. Qf2 Nxb3 18. Nxb3 Nf4 19. Bb6 Rxd1+ 20. Rxd1 Qc8 21. Nc5 Bxc5 22. Qxc5 Qe6 23. Qd6 Nxh3+ 24. gxh3 Qxh3 25. Qd3 f5 26. Kf2 Qh2+ 27. Ke1 fxe4 28. Nxe4 Bc8 29. Qe2 Qh1+ 30. Kf2 Qh4+ 31. Ke3 Qf4+ 32. Kd3 Be6 33. b3 Bd5 34. c4 Qxf3+ 35. Qxf3 Rxf3+ 36. Be3 bxc4+ 37. bxc4 Bxc4+ 38. Kxc4 Rxe3 39. Rd8+ Kf7 40. Nc3 g5 41. Ra8 g4 42. Rxa6 g3 43. Rb6 Re1 44. Rb2 Rf1 45. a6 Ke6 46. a7 g2 47. Rxg2 Rf8 48. Na4 Ra8 49. Rg7 h5 50. Nb6 Rxa7 51. Rxa7 Kf5 52. Kd3 Kf4 53. Ke2 h4 54. Kf2 h3 55. Rh7 Kg4 56. Nc4 Kg5 57. Rxh3 1-0

[Event "North Bay int."]
[Site "North Bay CAN"]
[Date "1999.08.05"]
[Round "3"]
[White "Paragua, Mark"]
[Black "Nogueiras, Jesus"]
[Result "0-1"]
[WhiteElo "2268"]
[BlackElo "2559"]
[PlyCount "112"]
[GameId "2160767911742563"]
[EventDate "1999.08.04"]
[EventType "swiss"]
[EventRounds "9"]
[EventCountry "CAN"]
[SourceTitle "EXT 2000"]
[Source "ChessBase"]
[SourceDate "1999.11.18"]
[SourceVersion "1"]
[SourceVersionDate "1999.11.18"]
[SourceQuality "1"]

1. e4 Nf6 2. e5 Nd5 3. d4 d6 4. c4 Nb6 5. exd6 cxd6 6. h3 g6 7. Nc3 Bg7 8. Nf3 O-O 9. Be2 Nc6 10. Be3 d5 11. c5 Nc4 12. Bxc4 dxc4 13. Qa4 Nxd4 14. Nxd4 Bxd4 15. Rd1 Bxc3+ 16. bxc3 Qc7 17. Qxc4 Be6 18. Qa4 Qc6 19. Qxc6 bxc6 20. Rd2 Rfd8 21. Bd4 Bc4 22. f4 f6 23. a3 Rab8 24. Kf2 Rb3 25. Re2 Kf7 26. a4 Rd7 27. Ra1 Rd5 28. Rae1 Rd7 29. Ra1 Rdb7 30. a5 Rb1 31. Ra4 Ba6 32. Be3 R1b2 33. Ra2 Rxa2 34. Rxa2 Rb3 35. Bd4 Bc4 36. Ra4 Rb2+ 37. Kg1 Bb5 38. Ra1 Re2 39. Bf2 a6 40. Rc1 Re4 41. Rd1 Rc4 42. Bd4 Ra4 43. c4 Rxc4 44. g3 Ra4 45. Bc3 h5 46. h4 Rc4 47. Bd4 Ke6 48. Re1+ Kf5 49. Bf2 e6 50. Re4 Rc2 51. Rd4 Rc4 52. Kh2 Ra4 53. Kg2 Rxa5 54. Rd2 Ra3 55. Rd8 Bc4 56. Rd1 a5 0-1

[Event "North Bay int."]
[Site "North Bay CAN"]
[Date "1999.08.05"]
[Round "3"]
[White "Paschall, William M"]
[Black "Ademi, Sami"]
[Result "1-0"]
[WhiteElo "2332"]
[BlackElo "2250"]
[PlyCount "89"]
[GameId "2160767911742564"]
[EventDate "1999.08.04"]
[EventType "swiss"]
[EventRounds "9"]
[EventCountry "CAN"]
[SourceTitle "EXT 2000"]
[Source "ChessBase"]
[SourceDate "1999.11.18"]
[SourceVersion "1"]
[SourceVersionDate "1999.11.18"]
[SourceQuality "1"]

1. d4 Nf6 2. c4 c5 3. d5 b5 4. cxb5 a6 5. b6 Qxb6 6. Nc3 g6 7. e4 d6 8. Nf3 Bg7 9. Be2 O-O 10. Nd2 Nbd7 11. Nc4 Qc7 12. Bf4 Nb6 13. Ne3 Ne8 14. O-O e6 15. dxe6 fxe6 16. Bg3 Rb8 17. Rc1 Qe7 18. Qd3 Bb7 19. Rfd1 Rd8 20. Qc2 Nd7 21. Nc4 Bd4 22. Bf3 Ne5 23. Nxe5 dxe5 24. Na4 Rc8 25. Nb6 Rc6 26. Nc4 Qf6 27. Qb3 Bc8 28. Qb8 Nd6 29. Nxd6 Bd7 30. Qb7 Rxd6 31. Qc7 Qe7 32. Rxd4 Rxd4 33. Qxe5 Rc8 34. Bf4 Rb4 35. Bd2 Rb6 36. Bc3 Kf7 37. Rd1 Bb5 38. Qg7+ Ke8 39. Qg8+ Qf8 40. Qxh7 Qf7 41. Qh8+ Qf8 42. Qe5 c4 43. h4 Rd8 44. Rxd8+ Kxd8 45. Ba5 1-0

[Event "North Bay int."]
[Site "North Bay CAN"]
[Date "1999.08.05"]
[Round "3"]
[White "Peredun, Andrew"]
[Black "Djerkovic, Miladin"]
[Result "1-0"]
[WhiteElo "2222"]
[BlackElo "2201"]
[PlyCount "51"]
[GameId "2160767911742565"]
[EventDate "1999.08.04"]
[EventType "swiss"]
[EventRounds "9"]
[EventCountry "CAN"]

1. e4 e5 2. Bc4 Nf6 3. d3 Bc5 4. Nc3 Nc6 5. f4 d6 6. Nf3 Bg4 7. Na4 Bxf3 8. Qxf3 Nd4 9. Qg3 O-O 10. Bb3 Nh5 11. Qg4 Nxf4 12. Bxf4 exf4 13. Nxc5 dxc5 14. O-O-O a5 15. c3 Nxb3+ 16. axb3 Qd6 17. Kc2 b5 18. Rhf1 a4 19. bxa4 bxa4 20. Qxf4 Qb6 21. Rb1 Qb3+ 22. Kd2 c4 23. d4 a3 24. bxa3 Qa2+ 25. Ke3 Rxa3 26. Qxf7+ 1-0

[Event "North Bay int."]
[Site "North Bay CAN"]
[Date "1999.08.05"]
[Round "3"]
[White "Pushkedra, Frank"]
[Black "Filipovich, David"]
[Result "0-1"]
[WhiteElo "2345"]
[BlackElo "2236"]
[PlyCount "78"]
[GameId "2160767911742566"]
[EventDate "1999.08.04"]
[EventType "swiss"]
[EventRounds "9"]
[EventCountry "CAN"]
[SourceTitle "EXT 2000"]
[Source "ChessBase"]
[SourceDate "1999.11.18"]
[SourceVersion "1"]
[SourceVersionDate "1999.11.18"]
[SourceQuality "1"]

1. e4 c6 2. d4 d5 3. Nc3 dxe4 4. Nxe4 Nf6 5. Nxf6+ gxf6 6. c3 Bf5 7. Ne2 Nd7 8. Ng3 Bg6 9. h4 h5 10. Be2 Qa5 11. O-O O-O-O 12. b4 Qc7 13. a4 e5 14. Qb3 e4 15. b5 c5 16. a5 Qd6 17. Ba3 f5 18. Rfd1 e3 19. dxc5 exf2+ 20. Kh2 Qf6 21. Nxf5 Bxf5 22. g3 Be6 23. Qa4 Qf5 24. Bf1 Bxc5 25. a6 b6 26. Bg2 Bxa3 27. Qxa3 Qc5 28. Qc1 Ne5 29. Qf4 Rxd1 30. Rxd1 Rd8 31. Bb7+ Kc7 32. Rf1 Qd6 33. Qc1 Ng4+ 34. Kg2 Bd5+ 35. Bxd5 Qxd5+ 36. Kh3 Qe6 37. Qf4+ Rd6 38. Kg2 Ne3+ 39. Kh1 Qd5+ 0-1

[Event "North Bay int."]
[Site "North Bay CAN"]
[Date "1999.08.05"]
[Round "3"]
[White "Rajlich, Vasik"]
[Black "Campbell, Brett"]
[Result "1-0"]
[WhiteElo "2297"]
[BlackElo "2197"]
[PlyCount "118"]
[GameId "2160767911742567"]
[EventDate "1999.08.04"]
[EventType "swiss"]
[EventRounds "9"]
[EventCountry "CAN"]
[SourceTitle "EXT 2000"]
[Source "ChessBase"]
[SourceDate "1999.11.18"]
[SourceVersion "1"]
[SourceVersionDate "1999.11.18"]
[SourceQuality "1"]

1. e4 g6 2. d4 Bg7 3. Nc3 d6 4. Nf3 Nf6 5. Be3 O-O 6. Qd2 Ng4 7. Bg5 f6 8. Bc4+ Kh8 9. h3 Nxf2 10. O-O Nxe4 11. Nxe4 d5 12. Bxd5 Qxd5 13. Nc3 Qd8 14. Bf4 e6 15. Rae1 Na6 16. Nb5 Bd7 17. a4 Re8 18. Qc3 Bc6 19. Kh1 Qd7 20. Qa5 Bf8 21. Bd2 Bd5 22. Re3 Bc4 23. Rf2 c6 24. Na3 Bb4 25. Bxb4 b6 26. Ne5 Qg7 27. Bf8 Rxf8 28. Qe1 fxe5 29. Nxc4 Rxf2 30. Qxf2 exd4 31. Rf3 Kg8 32. Qe2 Nc7 33. Ne5 Rf8 34. Nxc6 Rxf3 35. Qxf3 Nd5 36. Qe4 Qf6 37. Nxd4 Kf7 38. Kg1 Qe7 39. Nf3 Qc5+ 40. Kh1 Qe3 41. Qh4 Nf6 42. Qg3 Qc1+ 43. Kh2 Qxc2 44. Qb8 Qxa4 45. Ne5+ Ke7 46. Qc7+ Nd7 47. Nc6+ Kf6 48. b3 Qe4 49. Qd8+ Kf5 50. Ne7+ Ke5 51. Qxd7 Qf4+ 52. Kg1 Qc1+ 53. Kf2 Qf4+ 54. Ke2 Qe4+ 55. Kd1 Qb1+ 56. Kd2 Qb2+ 57. Ke1 Qxb3 58. Nc6+ Ke4 59. Qd4+ Kf5 1-0

[Event "North Bay int."]
[Site "North Bay CAN"]
[Date "1999.08.05"]
[Round "3"]
[White "Seawald, Dennis"]
[Black "Nickoloff, Bryon"]
[Result "1/2-1/2"]
[WhiteElo "2174"]
[BlackElo "2421"]
[PlyCount "44"]
[GameId "2160767911742569"]
[EventDate "1999.08.04"]
[EventType "swiss"]
[EventRounds "9"]
[EventCountry "CAN"]

1. e4 c5 2. Nf3 d6 3. d4 cxd4 4. Nxd4 Nf6 5. Nc3 a6 6. Bc4 e6 7. Bb3 Be7 8. f4 Nc6 9. Be3 O-O 10. Qf3 e5 11. Nf5 Bxf5 12. exf5 Nd4 13. Qh3 Nxb3 14. axb3 exf4 15. Bd4 d5 16. O-O Re8 17. Rad1 Bd6 18. Qh4 Be5 19. Bxe5 Rxe5 20. Qxf4 Qe7 21. h3 Rd8 22. Rd4 h6 1/2-1/2

[Event "North Bay int."]
[Site "North Bay CAN"]
[Date "1999.08.05"]
[Round "3"]
[White "Steigman, AJ."]
[Black "Boehmer, Kris"]
[Result "1/2-1/2"]
[WhiteElo "2226"]
[BlackElo "2154"]
[PlyCount "59"]
[GameId "2160767911742570"]
[EventDate "1999.08.04"]
[EventType "swiss"]
[EventRounds "9"]
[EventCountry "CAN"]

1. e4 c5 2. Nc3 Nc6 3. g3 g6 4. Bg2 Bg7 5. d3 d6 6. Nge2 e6 7. O-O Nge7 8. Bg5 h6 9. Be3 Nd4 10. Qd2 e5 11. f4 Be6 12. h3 Qd7 13. Kh2 O-O-O 14. Rab1 Nec6 15. a3 Nxe2 16. Nxe2 d5 17. exd5 Bxd5 18. Bxd5 Qxd5 19. Nc3 Qd6 20. Ne4 Qd5 21. Nxc5 exf4 22. Rxf4 Bd4 23. Rbf1 h5 24. Qg2 f5 25. Qxd5 Rxd5 26. h4 Re8 27. Re1 Bxb2 28. c4 Rde5 29. Rf3 Rxe3 30. Rfxe3 1/2-1/2

[Event "North Bay int."]
[Site "North Bay CAN"]
[Date "1999.08.05"]
[Round "3"]
[White "Stroud, Mike"]
[Black "Mikanovic, Goran"]
[Result "1/2-1/2"]
[WhiteElo "2215"]
[BlackElo "2310"]
[PlyCount "87"]
[GameId "2160767911742571"]
[EventDate "1999.08.04"]
[EventType "swiss"]
[EventRounds "9"]
[EventCountry "CAN"]

1. d4 Nf6 2. c4 e6 3. Nc3 Bb4 4. e3 O-O 5. Nf3 d5 6. Bd3 b6 7. O-O Bb7 8. cxd5 exd5 9. Ne5 c5 10. Ne2 c4 11. Bc2 Nbd7 12. f4 b5 13. Ng3 Ne4 14. Bxe4 dxe4 15. Nf5 Nf6 16. Bd2 Be7 17. Qe1 Nd5 18. Qg3 g6 19. Nh6+ Kg7 20. Nf5+ Kh8 21. Nh6 Qe8 22. f5 g5 23. f6 Bxf6 24. Rxf6 Nxf6 25. Qxg5 Nd5 26. Nf5 Rg8 27. Qh5 Rg6 28. Rf1 f6 29. Nxg6+ Qxg6 30. Qxg6 hxg6 31. Nd6 Ba6 32. Nxe4 b4 33. Nc5 Bb5 34. Rc1 f5 35. e4 fxe4 36. Nxe4 Re8 37. Nd6 Re2 38. Bg5 Ba6 39. Nxc4 Bxc4 40. Rxc4 Rxb2 41. Rc5 Rxa2 42. Rxd5 b3 43. Rd8+ Kg7 44. d5 1/2-1/2

[Event "North Bay int."]
[Site "North Bay CAN"]
[Date "1999.08.05"]
[Round "3"]
[White "Taylor, Gordon"]
[Black "Beckwith, Paul"]
[Result "1/2-1/2"]
[WhiteElo "2301"]
[BlackElo "2199"]
[PlyCount "48"]
[GameId "2160767911742572"]
[EventDate "1999.08.04"]
[EventType "swiss"]
[EventRounds "9"]
[EventCountry "CAN"]
[SourceTitle "EXT 2000"]
[Source "ChessBase"]
[SourceDate "1999.11.18"]
[SourceVersion "1"]
[SourceVersionDate "1999.11.18"]
[SourceQuality "1"]

1. d4 Nf6 2. c4 e6 3. g3 d5 4. Bg2 c5 5. cxd5 exd5 6. Nf3 Nc6 7. O-O Be7 8. Nc3 O-O 9. Bg5 Be6 10. dxc5 Bxc5 11. Rc1 Be7 12. Nd4 h6 13. Bf4 Qb6 14. Nxc6 bxc6 15. Na4 Qb5 16. Qc2 Rac8 17. Rfd1 Rfd8 18. Be5 Nd7 19. Bf4 Nf6 20. Nc3 Qa6 21. Qa4 Qxa4 22. Nxa4 c5 23. b3 c4 24. bxc4 Rxc4 1/2-1/2

[Event "North Bay int."]
[Site "North Bay CAN"]
[Date "1999.08.05"]
[Round "3"]
[White "Tyomkin, Dimitri"]
[Black "St Amand, Paul Jr"]
[Result "1-0"]
[WhiteElo "2495"]
[BlackElo "2160"]
[PlyCount "93"]
[GameId "2160767911742573"]
[EventDate "1999.08.04"]
[EventType "swiss"]
[EventRounds "9"]
[EventCountry "CAN"]
[SourceTitle "EXT 2000"]
[Source "ChessBase"]
[SourceDate "1999.11.18"]
[SourceVersion "1"]
[SourceVersionDate "1999.11.18"]
[SourceQuality "1"]

1. d4 Nf6 2. c4 e5 3. dxe5 Ng4 4. Bf4 Bb4+ 5. Nd2 Nc6 6. Ngf3 Qe7 7. a3 Ngxe5 8. Nxe5 Nxe5 9. e3 Bxd2+ 10. Qxd2 d6 11. Be2 O-O 12. O-O b6 13. b4 Bb7 14. Rac1 Rfd8 15. Qc3 Ng6 16. Bg3 Nf8 17. c5 dxc5 18. bxc5 Rd5 19. c6 Bc8 20. Rfd1 Ra5 21. Qb4 Rc5 22. Rxc5 bxc5 23. Qa5 Ne6 24. Bc4 h6 25. h3 Kh7 26. Rc1 Kg8 27. Bxe6 Bxe6 28. Qxc5 Qxc5 29. Rxc5 Rc8 30. Ra5 Bc4 31. e4 a6 32. a4 Kf8 33. f3 Ke7 34. Kf2 Kd8 35. Ke3 Rb8 36. Kd4 Bf1 37. Rd5+ Ke8 38. Kc5 Bxg2 39. Bxc7 Rc8 40. Re5+ Kf8 41. Bd6+ Kg8 42. c7 Bxh3 43. Kc6 f6 44. Re7 Rf8 45. Rd7 Rc8 46. Rd8+ Kf7 47. Kb7 1-0

[Event "North Bay int."]
[Site "North Bay CAN"]
[Date "1999.08.05"]
[Round "3"]
[White "Wenaas, Eric"]
[Black "Glinert, Stephen"]
[Result "1/2-1/2"]
[WhiteElo "2156"]
[BlackElo "2191"]
[PlyCount "80"]
[GameId "2160767911742574"]
[EventDate "1999.08.04"]
[EventType "swiss"]
[EventRounds "9"]
[EventCountry "CAN"]
[SourceTitle "EXT 2000"]
[Source "ChessBase"]
[SourceDate "1999.11.18"]
[SourceVersion "1"]
[SourceVersionDate "1999.11.18"]
[SourceQuality "1"]

1. Nf3 Nf6 2. c4 g6 3. g3 Bg7 4. Bg2 O-O 5. O-O d6 6. Nc3 Nc6 7. d3 e5 8. Rb1 Nh5 9. b4 f5 10. Qb3 Kh8 11. b5 Ne7 12. c5 d5 13. c6 b6 14. Ba3 d4 15. Nd1 Bf6 16. e3 dxe3 17. Nxe3 a6 18. Bb2 axb5 19. Nxe5 Qd6 20. Nd7 Bxd7 21. cxd7 c6 22. Rfc1 Qxd7 23. Bf3 Ng7 24. Bxf6 Rxf6 25. Qc3 Raf8 26. Ng2 c5 27. d4 c4 28. Qb4 Rc8 29. Qxb5 Qxb5 30. Rxb5 Rd6 31. Ne3 Rxd4 32. Rxb6 c3 33. Rb3 Rd3 34. Be2 Rd2 35. Rc2 Rxc2 36. Nxc2 Ne6 37. Kf1 Kg7 38. a4 Kf6 39. a5 Ra8 40. a6 Nc5 1/2-1/2

[Event "North Bay int."]
[Site "North Bay CAN"]
[Date "1999.08.05"]
[Round "3"]
[White "Xu, Sheng Jun"]
[Black "Weeramantry, Sunil"]
[Result "0-1"]
[WhiteElo "2119"]
[BlackElo "2252"]
[PlyCount "84"]
[GameId "2160767911742575"]
[EventDate "1999.08.04"]
[EventType "swiss"]
[EventRounds "9"]
[EventCountry "CAN"]

1. e4 d6 2. d4 g6 3. Nc3 Bg7 4. f4 c6 5. Nf3 Bg4 6. Be2 Qb6 7. e5 Nh6 8. Ne4 O-O 9. c3 Nf5 10. Qb3 Nd7 11. Nf2 Bxf3 12. Bxf3 Nh4 13. Qxb6 Nxf3+ 14. gxf3 Nxb6 15. Ne4 Rad8 16. Kf2 Nd5 17. exd6 exd6 18. f5 gxf5 19. Ng3 f4 20. Nh5 Bh6 21. Bd2 f5 22. c4 Ne3 23. Rac1 d5 24. c5 Kf7 25. b3 Rde8 26. Rc3 Rg8 27. Nxf4 Bxf4 28. Bxe3 Bxe3+ 29. Rxe3 Rg2+ 30. Kxg2 Rxe3 31. Kg3 Rd3 32. Re1 Rxd4 33. Re2 h5 34. Re5 h4+ 35. Kh3 Rf4 36. Kg2 Kf6 37. Re8 Rb4 38. Kf2 Rb5 39. Ra8 a5 40. Rh8 Rxc5 41. Rxh4 Ke5 42. Ra4 d4 0-1

[Event "North Bay int."]
[Site "North Bay CAN"]
[Date "1999.08.05"]
[Round "3"]
[White "Zugic, Igor"]
[Black "Voloaca, Mihnea"]
[Result "1-0"]
[WhiteElo "2406"]
[BlackElo "2039"]
[PlyCount "55"]
[GameId "2160767911742576"]
[EventDate "1999.08.04"]
[EventType "swiss"]
[EventRounds "9"]
[EventCountry "CAN"]
[SourceTitle "EXT 2000"]
[Source "ChessBase"]
[SourceDate "1999.11.18"]
[SourceVersion "1"]
[SourceVersionDate "1999.11.18"]
[SourceQuality "1"]

1. d4 d5 2. c4 c6 3. Nf3 Nf6 4. Nc3 dxc4 5. a4 Bf5 6. e3 e6 7. Bxc4 Bb4 8. O-O O-O 9. Nh4 Nbd7 10. Nxf5 exf5 11. Qc2 g6 12. Rd1 Qc7 13. g3 Nb6 14. Bf1 Nbd5 15. Bg2 Rad8 16. Bd2 Bd6 17. Qb3 Ne7 18. a5 a6 19. Rac1 Kg7 20. Na4 h5 21. Nc5 Rb8 22. e4 fxe4 23. Nxe4 Nxe4 24. Bxe4 Qd7 25. d5 Nxd5 26. Bxd5 cxd5 27. Qxd5 Rfd8 28. Bg5 1-0

[Event "North Bay int."]
[Site "North Bay CAN"]
[Date "1999.08.05"]
[Round "4"]
[White "Ademi, Sami"]
[Black "Hum, Peter"]
[Result "1/2-1/2"]
[WhiteElo "2250"]
[BlackElo "2255"]
[PlyCount "64"]
[GameId "2160767911742577"]
[EventDate "1999.08.04"]
[EventType "swiss"]
[EventRounds "9"]
[EventCountry "CAN"]

1. e4 c5 2. Nf3 Nc6 3. d4 cxd4 4. Nxd4 g6 5. Be3 Bg7 6. Nc3 Nf6 7. Bc4 Qa5 8. O-O O-O 9. Nb3 Qc7 10. h3 b6 11. f4 d6 12. a4 Bb7 13. Be2 Rac8 14. Bf3 Qb8 15. a5 Nd7 16. e5 Rfd8 17. exd6 Nf6 18. axb6 axb6 19. Bxb6 Rxd6 20. Qc1 Nd7 21. Be3 Nd4 22. Nxd4 Bxd4 23. Bxd4 Rxd4 24. Ne2 Rdc4 25. c3 Bxf3 26. Rxf3 Nf6 27. Qc2 Qb6+ 28. Kh2 R4c5 29. b3 Rh5 30. c4 Ng4+ 31. Kh1 Nf2+ 32. Kh2 Ng4+ 1/2-1/2

[Event "North Bay int."]
[Site "North Bay CAN"]
[Date "1999.08.05"]
[Round "4"]
[White "Burnett, Ronald"]
[Black "Hebert, Jean"]
[Result "0-1"]
[WhiteElo "2423"]
[BlackElo "2454"]
[PlyCount "76"]
[GameId "2160767911742579"]
[EventDate "1999.08.04"]
[EventType "swiss"]
[EventRounds "9"]
[EventCountry "CAN"]
[SourceTitle "EXT 2000"]
[Source "ChessBase"]
[SourceDate "1999.11.18"]
[SourceVersion "1"]
[SourceVersionDate "1999.11.18"]
[SourceQuality "1"]

1. d4 Nf6 2. c4 e6 3. g3 c5 4. d5 exd5 5. cxd5 d6 6. Bg2 g6 7. Nc3 Bg7 8. Nf3 O-O 9. O-O Na6 10. Nd2 Nc7 11. a4 b6 12. Nc4 Ba6 13. Qb3 Qd7 14. Bf4 Bxc4 15. Qxc4 Nh5 16. Bd2 a6 17. Qh4 f5 18. e4 f4 19. g4 Bf6 20. g5 Be5 21. Bf3 Ng7 22. Ne2 Rab8 23. Ra3 Qe7 24. b4 Rf7 25. Bg4 h5 26. Bf3 Qd7 27. bxc5 bxc5 28. Bxf4 Rb4 29. Qg3 Rxf4 30. Nxf4 Qf7 31. h4 c4 32. Be2 Bxf4 33. Qc3 a5 34. Bxc4 Be5 35. Qh3 Rxc4 36. f4 Bd4+ 37. Kh1 Bc5 38. Rb3 Qe8 0-1

[Event "North Bay int."]
[Site "North Bay CAN"]
[Date "1999.08.05"]
[Round "4"]
[White "Campbell, Brett"]
[Black "Saleh, Maher"]
[Result "1/2-1/2"]
[WhiteElo "2197"]
[BlackElo "2220"]
[PlyCount "74"]
[GameId "2160767911742580"]
[EventDate "1999.08.04"]
[EventType "swiss"]
[EventRounds "9"]
[EventCountry "CAN"]
[SourceTitle "EXT 2000"]
[Source "ChessBase"]
[SourceDate "1999.11.18"]
[SourceVersion "1"]
[SourceVersionDate "1999.11.18"]
[SourceQuality "1"]

1. Nf3 Nf6 2. g3 g6 3. Bg2 Bg7 4. O-O O-O 5. c4 d5 6. cxd5 Nxd5 7. d4 c5 8. dxc5 Na6 9. e4 Ndb4 10. Nc3 Nxc5 11. Be3 Nbd3 12. Qc2 Qa5 13. Nd5 b6 14. Bd2 Qa6 15. Nc7 Qb7 16. Nxa8 Nxb2 17. e5 Nba4 18. Ng5 Qb8 19. f4 Bb7 20. Nxb6 axb6 21. Be3 Rc8 22. Bxb7 Qxb7 23. Qc4 e6 24. Bxc5 Nxc5 25. Rac1 Ra8 26. Rfd1 h6 27. Nh3 Bf8 28. Nf2 Ra4 29. Qc2 Qa8 30. Rd2 h5 31. Rb1 Ra6 32. Qd1 Be7 33. Qf1 Ne4 34. Nxe4 Qxe4 35. Qxa6 Bc5+ 36. Kf1 Qxb1+ 37. Ke2 Qe4+ 1/2-1/2

[Event "North Bay int."]
[Site "North Bay CAN"]
[Date "1999.08.05"]
[Round "4"]
[White "Ciaffone, Robert"]
[Black "Paragua, Mark"]
[Result "0-1"]
[WhiteElo "2197"]
[BlackElo "2268"]
[PlyCount "58"]
[GameId "2160767911742581"]
[EventDate "1999.08.04"]
[EventType "swiss"]
[EventRounds "9"]
[EventCountry "CAN"]
[SourceTitle "EXT 2000"]
[Source "ChessBase"]
[SourceDate "1999.11.18"]
[SourceVersion "1"]
[SourceVersionDate "1999.11.18"]
[SourceQuality "1"]

1. d4 Nf6 2. c4 g6 3. Nc3 Bg7 4. e4 d6 5. Nf3 O-O 6. Be2 e5 7. O-O Nc6 8. d5 Ne7 9. b4 Nh5 10. Re1 Nf4 11. Bf1 f5 12. Bxf4 exf4 13. e5 g5 14. exd6 cxd6 15. Rc1 Ng6 16. Nd4 g4 17. Ne6 Bxe6 18. dxe6 g3 19. hxg3 fxg3 20. fxg3 Be5 21. Nd5 Qg5 22. e7 Nxe7 23. c5 Nc6 24. Rxe5 dxe5 25. Rc3 Rad8 26. Bc4 Kh8 27. Qe1 Qg7 28. a4 Nd4 29. b5 f4 0-1

[Event "North Bay int."]
[Site "North Bay CAN"]
[Date "1999.08.05"]
[Round "4"]
[White "Del Pilar, Reynaldo"]
[Black "Charest, Johanne"]
[Result "0-1"]
[WhiteElo "2270"]
[BlackElo "2123"]
[PlyCount "118"]
[GameId "2160767911742582"]
[EventDate "1999.08.04"]
[EventType "swiss"]
[EventRounds "9"]
[EventCountry "CAN"]
[SourceTitle "EXT 2000"]
[Source "ChessBase"]
[SourceDate "1999.11.18"]
[SourceVersion "1"]
[SourceVersionDate "1999.11.18"]
[SourceQuality "1"]

1. e4 e5 2. Nf3 Nc6 3. Bc4 Bc5 4. b4 Bxb4 5. c3 Ba5 6. d4 exd4 7. O-O d6 8. Qb3 Qf6 9. cxd4 Bb6 10. e5 dxe5 11. dxe5 Qg6 12. Ng5 Nh6 13. e6 fxe6 14. Bxe6 Nd4 15. Qa4+ c6 16. Bxc8 Rxc8 17. Re1+ Kd7 18. Rd1 Rcd8 19. Be3 Kc8 20. Bxd4 Bxd4 21. Rxd4 Rxd4 22. Qxd4 Rd8 23. Qa4 Qxg5 24. Nc3 Qd2 25. Ne4 Rd4 26. Nxd2 Rxa4 27. g3 Nf5 28. Nb3 b6 29. Rc1 Kc7 30. Rc2 Nd4 31. Nxd4 Rxd4 32. f4 c5 33. Kf2 Kd6 34. Ke3 b5 35. g4 a5 36. h4 Kd5 37. h5 c4 38. h6 gxh6 39. Rh2 c3 40. Rh5+ Kc4 41. Rxh6 Rd3+ 42. Ke4 Rd4+ 43. Ke3 Rd7 44. Rc6+ Kb4 45. f5 a4 46. f6 Ka3 47. Rxc3+ Kxa2 48. g5 a3 49. Rd3 Rc7 50. Rd2+ Kb3 51. Rd3+ Ka4 52. Rd2 b4 53. Rh2 b3 54. Rh4+ Kb5 55. Rh5 Ka6 56. Rh6 Ka7 57. Rh4 b2 58. Ra4+ Kb8 59. Rb4+ Kc8 0-1

[Event "North Bay int."]
[Site "North Bay CAN"]
[Date "1999.08.05"]
[Round "4"]
[White "Duong, Thanh Nha"]
[Black "Dougherty, Michael"]
[Result "1-0"]
[WhiteElo "2332"]
[BlackElo "2257"]
[PlyCount "53"]
[GameId "2160767911742583"]
[EventDate "1999.08.04"]
[EventType "swiss"]
[EventRounds "9"]
[EventCountry "CAN"]
[SourceTitle "EXT 2000"]
[Source "ChessBase"]
[SourceDate "1999.11.18"]
[SourceVersion "1"]
[SourceVersionDate "1999.11.18"]
[SourceQuality "1"]

1. d4 g6 2. c4 Bg7 3. Nc3 c5 4. d5 d6 5. e4 Nf6 6. Bd3 e6 7. Nge2 exd5 8. exd5 O-O 9. O-O Nh5 10. Nf4 Nf6 11. h3 Nbd7 12. g4 Ne5 13. Be2 a6 14. Ng2 b5 15. cxb5 axb5 16. Bxb5 h5 17. g5 Nh7 18. f4 Bxh3 19. fxe5 Nxg5 20. Qd2 Bh6 21. Kh1 dxe5 22. d6 Rb8 23. Qd5 Bd7 24. a4 Bxb5 25. axb5 Bg7 26. Bxg5 Qxg5 27. Ra7 1-0

[Event "North Bay int."]
[Site "North Bay CAN"]
[Date "1999.08.05"]
[Round "4"]
[White "Fernandez, Daniel"]
[Black "Goldenberg, Danny"]
[Result "0-1"]
[WhiteElo "2057"]
[BlackElo "2234"]
[PlyCount "112"]
[GameId "2160767911742585"]
[EventDate "1999.08.04"]
[EventType "swiss"]
[EventRounds "9"]
[EventCountry "CAN"]
[SourceTitle "EXT 2000"]
[Source "ChessBase"]
[SourceDate "1999.11.18"]
[SourceVersion "1"]
[SourceVersionDate "1999.11.18"]
[SourceQuality "1"]

1. e4 c5 2. Nf3 Nc6 3. d4 cxd4 4. Nxd4 e5 5. Nb5 d6 6. c4 Be7 7. N1c3 a6 8. Na3 Be6 9. Be3 Bg5 10. Nc2 h6 11. Bxg5 Qxg5 12. h4 Qd8 13. Qd2 Nf6 14. O-O-O Qb6 15. f3 O-O 16. g4 Rac8 17. Bh3 Na5 18. Qxd6 Qxb2+ 19. Kxb2 Nxc4+ 20. Kb1 Nxd6 21. Rxd6 Rxc3 22. g5 Nxe4 23. Rxe6 Nf2 24. Rf1 Nxh3 25. Rxe5 Rfc8 26. Nd4 Nf4 27. Ne2 Nxe2 28. Rxe2 h5 29. f4 R3c4 30. a3 b5 31. Kb2 a5 32. Rff2 b4 33. Re5 a4 34. axb4 Rxb4+ 35. Ka3 Rcc4 36. f5 Kh7 37. Re7 Rxh4 38. Rxf7 Rhg4 39. g6+ Kh6 40. f6 Rb3+ 41. Ka2 gxf6 42. R7xf6 Rg5 43. R6f4 Rbg3 44. Rxa4 Rg2 45. Rxg2 Rxg2+ 46. Kb3 Kg5 47. Ra8 Rd2 48. Kc3 Rd7 49. Rg8 Kf4 50. Rf8+ Kg3 51. Rg8 Kh3 52. Rh8 h4 53. Rg8 Rd1 54. Kc2 Rd4 55. Kc3 Rg4 56. Rh8 Kg2 0-1

[Event "North Bay int."]
[Site "North Bay CAN"]
[Date "1999.08.05"]
[Round "4"]
[White "Filipovich, David"]
[Black "Stroud, Mike"]
[Result "1-0"]
[WhiteElo "2236"]
[BlackElo "2215"]
[PlyCount "99"]
[GameId "2160767911742586"]
[EventDate "1999.08.04"]
[EventType "swiss"]
[EventRounds "9"]
[EventCountry "CAN"]

1. Nf3 Nf6 2. g3 d5 3. Bg2 c6 4. c4 Bf5 5. b3 e6 6. Bb2 Nbd7 7. O-O Bd6 8. d3 Qe7 9. Nc3 Ba3 10. Qc1 Bxb2 11. Qxb2 O-O 12. Rfe1 Bg4 13. d4 Rad8 14. Rad1 Bxf3 15. Bxf3 Nb6 16. c5 Nbd7 17. b4 Rfe8 18. e3 Nf8 19. b5 Rc8 20. bxc6 bxc6 21. Qa3 Qc7 22. Rb1 Rb8 23. Qa4 Ng6 24. Rb3 e5 25. Reb1 e4 26. Be2 h5 27. Qa6 Rxb3 28. axb3 Re6 29. Ra1 Qb8 30. Bd1 Qb4 31. Qa5 Qxa5 32. Rxa5 Re7 33. Ra6 Rc7 34. b4 Nd7 35. Bxh5 Ne7 36. b5 Nb8 37. Ra3 Rb7 38. Be2 g5 39. h4 Kg7 40. h5 f5 41. bxc6 Nbxc6 42. Ra6 Nb4 43. Rd6 a5 44. Bb5 Rc7 45. Rd8 Ra7 46. Kg2 Kh6 47. Rd6+ Kxh5 48. Be8+ Kg4 49. Rh6 f4 50. Bh5+ 1-0